01097nam a2200253 a 450000100100000000500170001000800410002704000250006804100130009308200180010610000330012424501190015726000800027630000360035654600250039265000460041765100690046365100710053265100610060391000370066404900090070195201160071099900170082600002796720200930031235.0110406s1974 dr ac 001 0 spa d aDO-SdBNPbspacBNPHU17aspaheng a917.47bC352v1 aCastillo, Alfredo del94650710aVida en New York :bdatos, leyes y consejos útiles en el estado de Nueva York, E. U. A. /cAlfredo del Castillo. aSanto Domingo :bEmpresas America Publications,c1974.fCultural Dominicana a221 p. :bil., retrs. ;c21 cm. aespañol, Inglés. 4aCiudades y puebloszEstados Unidos928976 4aNueva York (Estados Unidos{Rpara}xDescripciones Y Viajes955035 4aNueva York (Estados Unidos{Rpara}xVida Social Y Costumbres928973 4aNueva York (Estados Unidos{Rpara}xHistoria Local928971 aValidado. Control de calidad EMS aBNPD 0010718PDaPDbPDcHDd2011-04-06iLF1l0o917.47 C352vp27967-10r2020-06-25w2020-06-25yLFPDZNo se presta c27459d27459